000 00283nam a22001337a 4500
008 170830b xxu||||| |||| 00| 0 eng d
020 _a9780131942981
041 _aeng
080 _a070
100 _a39
101 _aMED
245 _aTHE WTITE STUF
_cSIMS.M
942 _2udc
_cBK
999 _c25543
_d25543